VivAmérica, 5 años de ideas, 07-11 : (Record no. 183664)

MARC details
000 -LEADER
campo de control de longitud fija 01114nam a2200289 i 4500
001 - NÚMERO DE CONTROL
campo de control 183664
003 - IDENTIFICADOR DE NÚMERO DE CONTROL
campo de control ES-MaACL
005 - FECHA Y HORA DE LA ÚLTIMA TRANSACCIÓN
campo de control 20251013235623.0
008 - DATOS DE LONGITUD FIJA--INFORMACIÓN GENERAL
campo de control de longitud fija 140917s2011 sp aco | c |||| |dspa d
080 ## - NÚMERO DE LA CLASIFICACIÓN DECIMAL UNIVERSAL
Número de la Clasificación Decimal Universal 929(8=134)"19"(0:77)
080 ## - NÚMERO DE LA CLASIFICACIÓN DECIMAL UNIVERSAL
Número de la Clasificación Decimal Universal 929(460)"19"(0:77)
080 ## - NÚMERO DE LA CLASIFICACIÓN DECIMAL UNIVERSAL
Número de la Clasificación Decimal Universal 77.041.5
100 1# - ENTRADA PRINCIPAL--NOMBRE DE PERSONA
Nombre de persona Mordzinski, Daniel (
Fechas asociadas al nombre 1960-)
9 (RLIN) 155521
245 10 - MENCIÓN DEL TÍTULO
Título VivAmérica, 5 años de ideas, 07-11 :
Resto del título una memoria fotográfica de Daniel Mordzinski /
Mención de responsabilidad, etc. [edición, Salvador Pulido].
260 ## - PUBLICACIÓN, DISTRIBUCIÓN, ETC.
Lugar de publicación, distribución, etc. [Madrid] :
Nombre del editor, distribuidor, etc. Casa de América,
Fecha de publicación, distribución, etc. [2011]
300 ## - DESCRIPCIÓN FÍSICA
Extensión 223 p. :
Otras características físicas principalmente fot. col., il. ;
Dimensiones 25 x 27 cm.
500 ## - NOTA GENERAL
Nota general Índice onomástico.
650 #7 - PUNTO DE ACCESO ADICIONAL DE MATERIA--TÉRMINO DE MATERIA
Término de materia o nombre geográfico como elemento de entrada Hispanoamericanos-
Subdivisión general Retratos.
9 (RLIN) 155522
650 #7 - PUNTO DE ACCESO ADICIONAL DE MATERIA--TÉRMINO DE MATERIA
Término de materia o nombre geográfico como elemento de entrada Españoles-
Subdivisión general Retratos.
9 (RLIN) 143788
650 #7 - PUNTO DE ACCESO ADICIONAL DE MATERIA--TÉRMINO DE MATERIA
Término de materia o nombre geográfico como elemento de entrada Fotografía de retrato
Fuente del encabezamiento o término embne
9 (RLIN) 155523
700 1# - ENTRADA AGREGADA--NOMBRE PERSONAL
Nombre de persona Pulido, Salvador,
Fechas asociadas al nombre 1971-
9 (RLIN) 155524
710 2# - ENTRADA AGREGADA--NOMBRE DE ENTIDAD CORPORATIVA
Nombre de entidad corporativa o nombre de jurisdicción como elemento de entrada Casa de América (Madrid)
9 (RLIN) 2460
852 ## - LOCALIZACIÓN
Ubicación ES-MaACL
Número de control de estantería A-13242
itemnumber 190610
Sublocalización o colección R.150066
Ubicación en estantería Depósito 1
Signatura antigua Olim: N-6242
Donativo/Legado Donación: Carlos París
903 ## - NOMBRE PERSONAL DE DONANTE
a París, Carlos,
d 1925-2014
e Donante
q 1
9 89133
942 ## - ELEMENTOS DE ENTRADA SECUNDARIOS (KOHA)
Fuente del sistema de clasificación o colocación Clasificación decimal universal
Tipo de ítem Koha Libro impreso
Holdings
Estatus retirado Estado de pérdida Fuente del sistema de clasificación o colocación Estado de daño No para préstamo Biblioteca de origen Biblioteca actual Ubicación en estantería Fecha de adquisición Fuente de adquisición Total de préstamos Signatura topográfica completa Código de barras Visto por última vez Precio de reemplazo Tipo de ítem Koha
    Clasificación decimal universal     Biblioteca del Ateneo de Madrid Biblioteca del Ateneo de Madrid Depósito 1 17/09/2014 Donación   A-13242 1193086 23/02/2023 23/02/2023 Libro impreso